Cooperación procesal internacional en materia comercial /

Estudio sobre el marco jurídico procesal internacional, a partir de dos figuras legales: el arbitraje y el juicio mercantil ejecutivo. Previo a su análisis, el autor plantea la distinción entre derecho internacional privado y derecho internacional procesal.

Kaydedildi:
Detaylı Bibliyografya
Yazar: Torres González, Luis Francisco (autor)
Materyal Türü: Kitap
Dil:İspanyolca
Konular:
Etiketler: Etiketle
Etiket eklenmemiş, İlk siz ekleyin!

MARC

LEADER 00000nam^a2200000^a^4500
001 000174322
005 20250521000000.0
009 20260310101526.116
037 |a Acervo ITESO - Biblioteca 
041 |a ESP 
082 |a 341. 78  |b TOR 
100 |a Torres González, Luis Francisco  |e (autor) 
245 1 0 |a Cooperación procesal internacional en materia comercial /  |c L.F. Torres González ; presen. de Sergio T. Martínez Arrieta. 
264 |a Monterrey, México :  |b Lazcano Garza,  |c 2000 
300 |a 206 p. 
336 |a texto  |b txt  |2 rdacontenido 
337 |a sin mediación  |b n  |2 rdamedio 
338 |a volumen  |b nc  |2 rdasoporte 
520 |a Estudio sobre el marco jurídico procesal internacional, a partir de dos figuras legales: el arbitraje y el juicio mercantil ejecutivo. Previo a su análisis, el autor plantea la distinción entre derecho internacional privado y derecho internacional procesal. 
649 |a XX 
650 |a Cooperación Internacional 
650 |a Juicios 
650 |a Arbitraje Internacional 
650 |a Tratados Internacionales 
650 |a Tratados Internacionales 
650 |a Amparo -  |z México 
650 |a Derecho Procesal Mercantil -  |z México 
650 |a Derecho Procesal -  |z México 
650 |a Derecho Procesal 
650 |a Derecho Mercantil -  |z México 
650 |a Derecho Privado -  |z México 
650 |a Derecho Internacional Privado 
650 |a Derecho Internacional Público 
910 |a Fondo General 
920 |a Impresos - Libros 
930 |a Colección General 
905 |a 101 
901 |a 0500111967  |b IT1  |c ACC  |u 20250521 
902 |a https://opac.biblio.iteso.mx/vufind/Record/000174322